Para aqueles que querem voar (Record no. 14511)

MARC details
000 -LÍDER
campo de controle de tamanho fixo 00369 a2200157 4500
001 - NÚMERO DE CONTROLE
campo de controle 14511
020 ## - ISBN - INTERNATIONAL STANDARD BOOK NUMBER
ISBN - International Standard Book Number 9788555431098
040 ## - FONTE DA CATALOGAÇÃO
Instituição que transcreveu o registro Anchieta - Aquarius
100 ## - ENTRADA PRINCIPAL--NOME PESSOAL
Nome pessoal Vainio, Pirkko
240 10 - TÍTULO UNIFORME
Título uniforme Para aqueles que querem voar
Idioma da obra por
245 10 - TÍTULO
Título Para aqueles que querem voar
300 ## - DESCRIÇÃO FÍSICA
Extensão 46p.
362 0# - DATAS DE PUBLICAÇÃO E/OU DESIGNAÇÃO SEQUENCIAL
Datas de publicação e/ou designação sequencial 2018
650 #4 - ASSUNTO--TERMO TÓPICO
Cabeçalho tópico ou nome geográfico Literatura infanto-juvenil
942 ## - ELEMENTOS DE ENTRADA ADICIONADOS (KOHA)
Tipo de material Koha Livros
Holdings
Situação do descarte Situação das perdas Situação física Não pode ser emprestado Biblioteca de origem Biblioteca atual Data de aquisição Total de empréstimos Número de chamada completo Código de barras Devolução em Data de último acesso Data do último empréstimo Data do preço efetivo Tipo de material Koha
        Colégio Anchieta - Pituba Colégio Anchieta - Pituba 21/11/2023   LJ 028.5 V131p VAI PAR 22396/PIT   21/11/2023   21/11/2023 Livros
        Colégio Anchieta - Aquarius Inspira 21/11/2023 2 028.5 VAI PAR 6387/AQU 03/06/2023 21/11/2023 21/11/2023 21/11/2023 Livros
        Colégio Anchieta - Aquarius Inspira 21/11/2023 1 028.5 VAI PAR 6403/AQU 09/03/2023 21/11/2023 21/11/2023 21/11/2023 Livros